000 00365nam a22001457a 4500
082 _a531
_bmec
100 _atirmizi, s.m.a
_939891
245 _aMechanics
_ctirmizi, s.m.a
250 _a2nd.
260 _aLahore
_bSh. Ghulam Ali & Sons
_cc1970.
300 _avii, 182 p. :
526 _a0
_b0
_c0
_d531_000000000000000_MEC
650 _aMCE
_9379
942 _2ddc
_cBK
999 _c544298
_d544298